Prácticas de e-learning.
Shranjeno v:
| Glavni avtor: | |
|---|---|
| Drugi avtorji: | , , , , , , , , , , |
| Format: | Neznan |
| Izdano: |
Barcelona, España:
Ediciones Octaedro,
2006.
|
| Izdaja: | Primera edición. |
| Serija: | Biblioteca Omeya Tics,
|
| Teme: | |
| Oznake: |
Označite
Brez oznak, prvi označite!
|
MARC
| LEADER | 00000 a2200000 4500 | ||
|---|---|---|---|
| 003 | CL-VaPUC | ||
| 005 | 20240826154132.0 | ||
| 008 | 220707t2006 ||||| |||| 00| 0 eng d | ||
| 999 | |c 436291 |d 436289 | ||
| 020 | |a 9788495345349 | ||
| 040 | |c Pontificia Universidad Católica de Valparaíso | ||
| 082 | 7 | |a 371.358 MAR 2006 |2 22 | |
| 100 | |a Marcelo, Carlos |9 737676 |e autor y coordinador | ||
| 245 | |a Prácticas de e-learning. | ||
| 250 | |a Primera edición. | ||
| 260 | |a Barcelona, España: |b Ediciones Octaedro, |c 2006. | ||
| 300 | |a 255 páginas. | ||
| 490 | |a Biblioteca Omeya Tics, |n 1. | ||
| 583 | |k Cristina María Rojas Aguilar |c 20220707 | ||
| 650 | 0 | |a Educación a distancia |9 308343 | |
| 650 | |a Enseñanza con ayuda de computadores |9 262450 | ||
| 650 | |a Internet en educación |9 872589 | ||
| 700 | |a Martínez, Javier |e autor |9 872309 | ||
| 700 | |a Garrido, Diego |e autor |9 872310 | ||
| 700 | |a Hernández, Eduardo |e autor |9 872311 | ||
| 700 | |a Puente, David |e autor |9 872312 | ||
| 700 | |a Perera, Víctor Hugo |e autor |9 872313 | ||
| 700 | |a Lucero, María Margarita |e autora |9 872314 | ||
| 700 | |a Acosta, Willman |e autor |9 872315 | ||
| 700 | |a González, Luz |e autora |9 872316 | ||
| 700 | |a Gago, María José |e autora |9 872317 | ||
| 700 | |a Marcelo, Carmen |e autora |9 872318 | ||
| 700 | |a Jordano, María |e autora |9 872319 | ||
| 942 | |2 ddc |c BK | ||
| 952 | |0 0 |1 0 |2 ddc |4 0 |6 371_358000000000000_MAR_2006 |7 0 |8 A |9 584465 |a BIBTEO |b BIBTEO |c GEN |d 2022-07-07 |e 62 |g 19975.34 |i 5652619 |o 371.358 MAR 2006 |p 5652619 |r 2025-01-17 |t 1 |v 19975.34 |w 2022-07-07 |y BK |k ICR | ||